000 00508nam a2200181Ia 4500
999 _c27944
_d27944
003 OSt
005 20201229095220.0
008 190216s9999||||xx |||||||||||||| ||und||
020 _a8124000336
040 _coclc
082 _a894.812301
_bSUK/M
100 _aSukumaran, M
_96501
245 0 _aM Sukumarante Kathakal /
_cM Sukumaran
260 _bCurrent Books,
_aKottayam:
_c1996.
300 _a338p
650 _aKathakal
942 _cBK
_2ddc
_h894.812301
_iSUK/M
_k894.812301
_mSUK/M